Biochemistry and Bioinformatics: (Record no. 171258)

MARC details
000 -LEADER
fixed length control field 00571nam a22001817a 4500
005 - DATE AND TIME OF LATEST TRANSACTION
control field 20200109144720.0
010 ## - LCCN (DPL NO)
LC control number ENG-127306
020 ## - INTERNATIONAL STANDARD BOOK NUMBER
Terms of availability 220.00
International Standard Book Number 97893386519191
035 ## - SYSTEM CONTROL NUMBER
System control number EN-110838
037 ## - SOURCE OF ACQUISITION
Source of stock number/acquisition DBAD/PUB.
082 ## - DEWEY DECIMAL CLASSIFICATION NUMBER
Classification number 370.973
100 ## - MAIN ENTRY--PERSONAL NAME
Personal name Arumugam,N
245 ## - TITLE STATEMENT
Title Biochemistry and Bioinformatics:
Statement of responsibility, etc by N.Arumugam.
Remainder of title /
260 ## - PUBLICATION, DISTRIBUTION, ETC. (IMPRINT)
Place of publication, distribution, etc New Delhi
Name of publisher, distributor, etc Saras Publications India .
Date of publication, distribution, etc 2018
270 ## - ADDRESS
Address 114/35 GA.R.P Camp Road,Periavilai kottar P.O., Nagercoil
City New Delhi
Postal code 110044
300 ## - PHYSICAL DESCRIPTION
Extent XII,407p.
Dimensions 23cm.(pbk)
942 ## - ADDED ENTRY ELEMENTS (KOHA)
Source of classification or shelving scheme Dewey Decimal Classification
Item type English Books
Call number suffix ARU
Classification part 572
Holdings
Withdrawn status Lost status Not for loan Collection code Home library Current library Date acquired Source of acquisition Cost, normal purchase price Full call number Barcode Copy number Cost, replacement price Koha item type
      Non-fiction Sarojini Nagar Sarojini Nagar 09/01/2020 DBAD/PUB 220.00 572 ARU EN-110838 1 220.00 English Books

© Delhi Public Library
Hit Counter
free hit counter